Principles of posse management : (Record no. 590610)
[ view plain ]
| 000 -LEADER | |
|---|---|
| fixed length control field | 01311cam a22003858i 4500 |
| 001 - CONTROL NUMBER | |
| control field | 20111573 |
| 003 - CONTROL NUMBER IDENTIFIER | |
| control field | NUST |
| 005 - DATE AND TIME OF LATEST TRANSACTION | |
| control field | 20220825113632.0 |
| 008 - FIXED-LENGTH DATA ELEMENTS--GENERAL INFORMATION | |
| fixed length control field | 171030s2018 ctu b 001 0 eng |
| 010 ## - LIBRARY OF CONGRESS CONTROL NUMBER | |
| LC control number | 2017051248 |
| 020 ## - INTERNATIONAL STANDARD BOOK NUMBER | |
| International Standard Book Number | 9781493025534 (pbk) |
| 038 ## - RECORD CONTENT LICENSOR | |
| Staff Name | Azhar |
| 040 ## - CATALOGING SOURCE | |
| Original cataloging agency | DLC |
| Language of cataloging | eng |
| Description conventions | rda |
| Transcribing agency | DLC |
| 042 ## - AUTHENTICATION CODE | |
| Authentication code | pcc |
| 043 ## - GEOGRAPHIC AREA CODE | |
| Geographic area code | n-us--- |
| 050 00 - LIBRARY OF CONGRESS CALL NUMBER | |
| Classification number | F591 |
| Item number | .E55 2018 |
| 082 00 - DEWEY DECIMAL CLASSIFICATION NUMBER | |
| Classification number | 978 |
| Edition number | 23 |
| Author Mark | ENS |
| 100 1# - MAIN ENTRY--PERSONAL NAME | |
| Personal name | Enss, Chris, |
| Dates associated with a name | 1961- |
| Relator term | author. |
| 9 (RLIN) | 95090 |
| 245 10 - TITLE STATEMENT | |
| Title | Principles of posse management : |
| Remainder of title | lessons from the Old West for today's leaders |
| Statement of responsibility, etc. | Chris Enss. |
| 260 ## - PUBLICATION, DISTRIBUTION, ETC. | |
| Place of publication, distribution, etc. | Guilford, Connecticut : |
| Name of publisher, distributor, etc. | TwoDot, |
| Date of publication, distribution, etc. | 2018 |
| 263 ## - PROJECTED PUBLICATION DATE | |
| Projected publication date | 1806 |
| 300 ## - PHYSICAL DESCRIPTION | |
| Extent | pages cm |
| 336 ## - CONTENT TYPE | |
| Content type term | text |
| Content type code | txt |
| Source | rdacontent |
| 337 ## - MEDIA TYPE | |
| Media type term | unmediated |
| Media type code | n |
| Source | rdamedia |
| 338 ## - CARRIER TYPE | |
| Carrier type term | volume |
| Carrier type code | nc |
| Source | rdacarrier |
| 504 ## - BIBLIOGRAPHY, ETC. NOTE | |
| Bibliography, etc. note | Includes bibliographical references and index. |
| 563 ## - BINDING INFORMATION | |
| Binding note | PB |
| 650 #0 - SUBJECT ADDED ENTRY--TOPICAL TERM | |
| Topical term or geographic name entry element | Peace officers |
| Geographic subdivision | West (U.S.) |
| 9 (RLIN) | 95091 |
| 650 #0 - SUBJECT ADDED ENTRY--TOPICAL TERM | |
| Topical term or geographic name entry element | Law enforcement |
| Geographic subdivision | West (U.S.) |
| 9 (RLIN) | 95092 |
| 650 #0 - SUBJECT ADDED ENTRY--TOPICAL TERM | |
| Topical term or geographic name entry element | Leadership |
| Geographic subdivision | West (U.S.) |
| 9 (RLIN) | 95093 |
| 776 08 - ADDITIONAL PHYSICAL FORM ENTRY | |
| Relationship information | Online version: |
| Main entry heading | Enss, Chris, 1961- author. |
| Title | Principles of posse management |
| Place, publisher, and date of publication | Guilford, Connecticut : TwoDot, [2018] |
| International Standard Book Number | 9781493025541 |
| Record control number | (DLC) 2017054054 |
| 906 ## - LOCAL DATA ELEMENT F, LDF (RLIN) | |
| a | 7 |
| b | cbc |
| c | orignew |
| d | 1 |
| e | ecip |
| f | 20 |
| g | y-gencatlg |
| 942 ## - ADDED ENTRY ELEMENTS (KOHA) | |
| Source of classification or shelving scheme | |
| Koha item type | Lincoln Corner |
| Withdrawn status | Lost status | Source of classification or shelving scheme | Damaged status | Not for loan | Permanent Location | Current Location | Shelving location | Date acquired | Full call number | Barcode | Date last seen | Price effective from | Koha item type |
|---|---|---|---|---|---|---|---|---|---|---|---|---|---|
| Central Library (CL) | Central Library (CL) | Lincoln Corner | 07/25/2022 | 978 ENS | LC-158 | 07/25/2022 | 07/25/2022 | Reference |
